The Brewers digest.
Uložené v:
| Predchádzajúci názov: | Brewers technical review |
|---|---|
| Médium: | Časopis |
| Jazyk: | English |
| Vydané: |
Chicago :
Siebel,
1952-1954.
|
| Fyzický popis: |
1 zv. |
| Tagy: |
Pridať tag
Žiadne tagy, Buďte prvý kto otaguje tento záznam!
|
Titul je dostupný aj v ... 

MARC
| LEADER | 00000nas a2200000 a 4500 | ||
|---|---|---|---|
| 001 | 000588682 | ||
| 003 | SVKKK | ||
| 005 | 20180718182149.0 | ||
| 008 | 960915d19521954xxuuu p u 0eng | ||
| 022 | |a 0006-971X |z 0162-4210 | ||
| 040 | |a KE001 |b slo |e AACR2 | ||
| 245 | 0 | 4 | |a The Brewers digest. |
| 246 | 3 | 3 | |a Brewer´s digest |
| 260 | |a Chicago : |b Siebel, |c 1952-1954. | ||
| 300 | |a 1 zv. | ||
| 310 | |a 1x mesačne | ||
| 321 | |a , | ||
| 362 | 0 | |a 1952-1954 | |
| 780 | 0 | 0 | |t Brewers technical review |x 0096-6606 |
| 910 | |a KE001 |b C.710 | ||
| 998 | |a SE | ||
| 090 | |g CASOS |k Sklad Pribinova suterén |a C.710 |j 4999 |i 2720554963 |4 Silne poškodené |s Vyradená | ||
| 090 | |g CASOS |k Sklad Pribinova suterén |a C.710 |j 5000 |i 2720554964 |4 Silne poškodené |7 Chýba č. 2,9 |s Vyradená | ||
| 090 | |g CASOS |k Sklad Pribinova suterén |a C.710 |j 5001 |i 2720554965 |4 Silne poškodené |s Vyradená | ||